Minecraft Numbers - Statistics

General Stats
  • This quiz has been taken 51 times
  • The average score is 14 of 20
Answer Stats
Hint Answer % Correct
How many absorption hearts does a regular golden apple give? 2
95%
What is the minimum amount of Obsidian needed to make a nether portal? 10
88%
What year was Minecraft originally created? 2009
88%
How much iron do you need to craft a cauldron? 7
88%
How many structures can be found in the Nether? 3
85%
How many Vexes are summoned at once? 4
85%
How many slots are there in a crafting table? 9
85%
What is the maximum level of the Depth Strider enchantment? 3
83%
How many village types are there? 5
80%
How many different biomes are in the Nether? 5
80%
How many sticks can be made from 1 log? 8
80%
How many unique mobs do you need to kill at once to get the "Arbalistic" advancement? 5
76%
How many villager types are there, including the secret ones? (not job types) 7
76%
By default, how many sticks can you trade a fletcher for 1 emerald? 32
71%
How much HP does the Java Wither have? 300
61%
What is the max amount of iron that an Iron Golem can drop? 5
61%
What version does the server Hypixel run on? 1.8
51%
What is the max level of the Punch enchantment? 2
39%
The chance of dropping a wither skeleton skull is 1 in ______ 40
34%
How many items can a block of coal smelt? 80
12%
No matching quizzes found
Score Distribution
Percent of People with Each Score
Percentile by Number Answered
Your Score History
You have not taken this quiz